Kinesiterapia (Record no. 52754)

MARC details
000 -LEADER
campo de control de longitud fija 00531nam a2200145 i 4500
001 - NÚMERO DE CONTROL
campo de control 52754
003 - IDENTIFICADOR DE NÚMERO DE CONTROL
campo de control ES-MaACL
007 - CAMPO FIJO DE DESCRIPCIÓN FÍSICA--INFORMACIÓN GENERAL
campo de control de longitud fija t|
008 - DATOS DE LONGITUD FIJA--INFORMACIÓN GENERAL
campo de control de longitud fija 030903s1914 sp ||||1| spa d
100 1# - ENTRADA PRINCIPAL--NOMBRE DE PERSONA
Nombre de persona Decref y Ruiz, Joaquín.
9 (RLIN) 43185
245 10 - MENCIÓN DEL TÍTULO
Título Kinesiterapia
Resto del título : manual de ténica de amasamiento y gimnasia médica y sus aplicaciones a las enfermedades del aparato locomotor /
Mención de responsabilidad, etc. por Joaquín Decref y Ruiz.
260 ## - PUBLICACIÓN, DISTRIBUCIÓN, ETC.
Lugar de publicación, distribución, etc. Madrid :
Nombre del editor, distribuidor, etc. Adrián Romo,
Fecha de publicación, distribución, etc. 1914 (
Fabricante La editora)
300 ## - DESCRIPCIÓN FÍSICA
Extensión VI, 255 p. :
Otras características físicas il. ;
Dimensiones 17 cm.
852 ## - LOCALIZACIÓN
Ubicación ES-MaACL
Número de control de estantería G-15349
Holdings
Estatus retirado Estado de pérdida Estado de daño No para préstamo Biblioteca de origen Biblioteca actual Ubicación en estantería Fecha de adquisición Fuente de adquisición Total de préstamos Signatura topográfica completa Código de barras Visto por última vez Precio de reemplazo Tipo de ítem Koha
        Biblioteca del Ateneo de Madrid Biblioteca del Ateneo de Madrid Sala Pecera Planta 3 17/01/2008     G-15349 1055445 23/02/2023 23/02/2023 Libro impreso